000 00467nam 22001573 4500
001 200750
090 _a200750
100 _a20260225d u||y0pory50 ba
200 _aAlgumas obras de arte portuguesa no Museu Nacional de Arte Contemporânea
210 _aLisboa
_cM. N. A. C.
_d1956
215 _a[83] p.
_cil. ; brochado
_d26 cm
606 _914822
_aOrganizações. Exposições. Museus
675 _a069
_vPT
_zpor
801 _aPT
_bBMMN
_gRPC
830 _cAna
_fAna
990 _cLIVROS